Phénoménologíe de la perception / (Record no. 103716)

MARC details
000 -LEADER
campo de control de longitud fija 00499nam a2200181 i 4500
001 - NÚMERO DE CONTROL
campo de control 103716
003 - IDENTIFICADOR DE NÚMERO DE CONTROL
campo de control ES-MaACL
005 - FECHA Y HORA DE LA ÚLTIMA TRANSACCIÓN
campo de control 20230906183430.0
007 - CAMPO FIJO DE DESCRIPCIÓN FÍSICA--INFORMACIÓN GENERAL
campo de control de longitud fija t|
008 - DATOS DE LONGITUD FIJA--INFORMACIÓN GENERAL
campo de control de longitud fija 051117s1952 fr |||| | fre d
100 1# - ENTRADA PRINCIPAL--NOMBRE DE PERSONA
Nombre de persona Merleau-Ponty, Maurice.
9 (RLIN) 80571
245 10 - MENCIÓN DEL TÍTULO
Título Phénoménologíe de la perception /
Mención de responsabilidad, etc. par M. Merleau-Ponty.
250 ## - MENCION DE EDICION
Mención de edición 13ª ed.
260 ## - PUBLICACIÓN, DISTRIBUCIÓN, ETC.
Lugar de publicación, distribución, etc. Paris :
Nombre del editor, distribuidor, etc. Gallimard,
Fecha de publicación, distribución, etc. 1952.
300 ## - DESCRIPCIÓN FÍSICA
Extensión XVI, 10-531 p. ;
Dimensiones 23 cm.
650 04 - PUNTO DE ACCESO ADICIONAL DE MATERIA--TÉRMINO DE MATERIA
Término de materia o nombre geográfico como elemento de entrada Percepción.
9 (RLIN) 15929
852 ## - LOCALIZACIÓN
Ubicación ES-MaACL
Número de control de estantería C-9082
Holdings
Estatus retirado Estado de pérdida Estado de daño No para préstamo Biblioteca de origen Biblioteca actual Ubicación en estantería Fecha de adquisición Fuente de adquisición Total de préstamos Signatura topográfica completa Código de barras Visto por última vez Precio de reemplazo Tipo de ítem Koha
        Biblioteca del Ateneo de Madrid Biblioteca del Ateneo de Madrid Sala Palomar 17/01/2008     C-9082 1108287 23/02/2023 23/02/2023 Libro impreso